| 000 | 00642 a2200205 4500 | ||
|---|---|---|---|
| 020 | _a047117842X | ||
| 035 | _a7982188 | ||
| 040 |
_aDLC _bDLC |
||
| 082 | _a005.8 | ||
| 100 | 1 | 0 | _aMcGraw, Gary |
| 245 | 1 | 0 |
_aJava security _cGary McGraw & Edward Felten. |
| 246 | 1 | _aHostile applets, holes, and antidotes : what every Netscape and Internet user needs to know | |
| 260 | 0 |
_aNew York _b: Wiley _c, c1997. |
|
| 300 |
_axiv, 192 p. _b: ill. _c; 24 cm. |
||
| 500 | _a"Wiley Computer Publishing." | ||
| 650 | 0 | _aJava (Computer program language) | |
| 650 | 0 | _aComputer security. | |
| 700 | 1 |
_aFelten, Edward _d, 1963- |
|
| 942 |
_cBK _k005.8 MCG _2ddc |
||
| 999 |
_c6681 _d6681 |
||